The firefly effect : build teams that capture creativity and catapult results

The Firefly Effect, Kimberly Douglas presents inspiring yet pragmatic insights into getting your entire team firing on all cylinders and aiming in the right direction. Comparing the difficult act of harnessing and capturing creativity to the act of catching fireflies on a summer night.

Đã lưu trong:
書目詳細資料
主要作者: Douglas, Kimberly
格式: 圖書
語言:Undetermined
出版: Hoboken, N.J. Wiley 2009
主題:
標簽: 添加標簽
沒有標簽, 成為第一個標記此記錄!
Thư viện lưu trữ: Trung tâm Học liệu Trường Đại học Cần Thơ
LEADER 00927nam a2200205Ia 4500
001 CTU_187335
008 210402s9999 xx 000 0 und d
082 |a 658.4022 
082 |b D733 
100 |a Douglas, Kimberly 
245 4 |a The firefly effect : 
245 0 |b build teams that capture creativity and catapult results 
245 0 |c Kimberly Douglas 
260 |a Hoboken, N.J. 
260 |b Wiley 
260 |c 2009 
520 |a The Firefly Effect, Kimberly Douglas presents inspiring yet pragmatic insights into getting your entire team firing on all cylinders and aiming in the right direction. Comparing the difficult act of harnessing and capturing creativity to the act of catching fireflies on a summer night. 
650 |a Teams in the workplace,Creative ability in business,Làm việc nhóm,Sáng tạo trong kinh doanh. 
904 |i Qhieu 
980 |a Trung tâm Học liệu Trường Đại học Cần Thơ